000 00917nam a2200253 a 4500
001 827
003 BR-CuiBMT
005 20231120231222.0
008 230725s2006 mgb 001 0 por d
020 _a8577000141
040 _aBR-CuiBMT
_cBR-CuiBMT
080 _22007
_a351.94:336.148
090 _a351.94:336.148
_bC837t
100 1 _aCosta, Luiz Bernardo Dias
245 1 0 _aTribunal de Contas :
_bevolução e principais atribuições no estado democrático de direito /
_cLuiz Bernardo Dias Costa ; prefácio Romeu Felipe Bacellar Filho.
260 _aBelo Horizonte :
_bFórum,
_c2006.
300 _a165p. ;
_c21 cm
504 _aInclui bibliografia e índice.
650 _aTribunal de Contas
_xCompetência
_zBrasil
650 _aTribunal de contas
_xPoderes e atribuições
_zBrasil
650 _aFiscalização financeira e orçamentária
_zBrasil
650 _aControle externo
_zBrasil
942 _2udc
_cLV
999 _c827
_d827